zpět

Detail výsledku týmu

Lidové sady, Liberec

Datum a čas kvízu

25.5 Celkem bodů Celkový počet nahraných bodů na tomto kvízu bez doplňovacích otázek.
10. Pořadí na kvízu Konečné umístění týmu na tomto kvízu.

Zaznamenané odpovědi

# Otázka Odpověď Body Výsledky
1. Pražská povolební jednání se c... 0
2. Po kterém ruském umělci je poj... 0
3. V Praze byla minulý týden po s... 1
4. Bývalý ministr obrany Jaroslav... 1
5. Lewis Hamilton z týmu Mercedes... 1
6. V různých seriálech se objevil... 1
7. Napište jména herců, kteří ztv... 1
8. Walter White a Jesse Pinkman.... 0
9. Excentrický sedmdesátiletý věd... 1
10. A nakonec dvojice z českých ve... 0